[Event "Eger Agria op 41th"]
[Site "Eger"]
[Date "2017.07.20"]
[Round "6"]
[White "Koncz, Zoltan"]
[Black "Hever, Janos"]
[Result "0-1"]
[WhiteElo "1353"]
[BlackElo "1696"]
[PlyCount "102"]
[EventDate "2017.07.17"]
[EventType "swiss"]
[EventRounds "9"]
[EventCountry "HUN"]
[SourceTitle "EXT 2020"]
[Source "ChessBase"]
[SourceDate "2019.10.17"]
[SourceVersion "1"]
[SourceVersionDate "2019.10.17"]
[SourceQuality "1"]

1. e4 e6 2. d4 d5 3. e5 c5 4. c3 Nc6 5. Nf3 Qb6 6. Be2 cxd4 7. cxd4 Nge7 8. Bd3 Bd7 9. Bc2 Nf5 10. Bxf5 exf5 11. 0-0 Be7 12. Nc3 Be6 13. a3 h6 14. b4 a6 15. Na4 Qd8 16. Nc5 Bxc5 17. bxc5 0-0 18. Qd3 Bd7 19. Bd2 Ne7 20. Rfb1 Rb8 21. h3 Bb5 22. Qc3 Qc8 23. Nh2 Qe6 24. a4 Bc6 25. Rb6 Qd7 26. a5 Bb5 27. Bxh6 gxh6 28. Rxh6 Ng6 29. Qg3 Kg7 30. Qg5 Qe6 31. h4 Rh8 32. Rxh8 Rxh8 33. h5 Rh6 34. hxg6 Rxg6 35. Qd8 Bc6 36. Nf3 Rg4 37. Qf6+ Qxf6 38. exf6+ Kxf6 39. Re1 Re4 40. Rxe4 fxe4 41. Ne5 Ke6 42. Nxc6 bxc6 43. Kf1 Kf5 44. Ke2 Kg4 45. Ke3 f5 46. f3+ Kg3 47. fxe4 fxe4 48. Ke2 Kxg2 49. Ke3 Kg3 50. Ke2 Kf4 51. Kf2 e3+ 0-1

[Event "HUN-chT2 Erkel 1415"]
[Site "Hungary"]
[Date "2015.04.26"]
[Round "9.11"]
[White "Hever, Janos"]
[Black "Laza, Szabolcs"]
[Result "0-1"]
[WhiteElo "1719"]
[BlackElo "2014"]
[PlyCount "82"]
[EventDate "2014.09.28"]
[EventType "team-tourn"]
[EventRounds "9"]
[EventCountry "HUN"]
[SourceTitle "EXT 2016"]
[Source "ChessBase"]
[SourceDate "2015.10.08"]
[SourceVersion "1"]
[SourceVersionDate "2015.10.08"]
[SourceQuality "1"]
[WhiteTeam "Matra"]
[BlackTeam "Budapest MTK"]
[WhiteTeamCountry "HUN"]
[BlackTeamCountry "HUN"]

1. e4 c5 2. f4 Nc6 3. Nf3 d6 4. Bc4 e6 5. Bb5 Bd7 6. Bxc6 Bxc6 7. d3 Be7 8. 0-0 Nf6 9. Nc3 0-0 10. Bd2 b5 11. e5 Nd5 12. Nxd5 Bxd5 13. Qe1 Bxf3 14. Rxf3 dxe5 15. fxe5 Qd4+ 16. Kh1 Qxb2 17. c3 b4 18. Qc1 Qxc1+ 19. Rxc1 Rac8 20. c4 a5 21. Rcf1 f5 22. Rb1 Rfd8 23. Kg1 Rd7 24. Kf1 a4 25. Ke2 Rb7 26. Kd1 g5 27. h3 h5 28. Kc2 Rf8 29. g4 fxg4 30. Rxf8+ Kxf8 31. hxg4 hxg4 32. Rg1 Kg7 33. Rxg4 Kg6 34. Rg1 Rb8 35. Bf4 Rh8 36. Bg3 Rf8 37. Rg2 Rf3 38. Kd2 Kf5 39. Ke2 g4 40. Rf2 b3 41. axb3 a3 0-1

[Event "Eger Tel op"]
[Site "Eger"]
[Date "2009.02.01"]
[Round "7"]
[White "Bojtar, Lajos"]
[Black "Hever, Janos"]
[Result "0-1"]
[WhiteElo "1604"]
[BlackElo "1841"]
[PlyCount "54"]
[EventDate "2009.01.29"]
[EventType "swiss"]
[EventRounds "7"]
[EventCountry "HUN"]
[SourceTitle "EXT 2011"]
[Source "ChessBase"]
[SourceDate "2010.11.26"]
[SourceVersion "1"]
[SourceVersionDate "2010.11.26"]
[SourceQuality "1"]

1. e4 e5 2. Bc4 Nf6 3. d3 c6 4. a3 d5 5. exd5 cxd5 6. Ba2 h6 7. b4 Bd6 8. h3 0-0 9. Ne2 Be6 10. Bb2 Nc6 11. Nd2 Re8 12. 0-0 Qc8 13. Qc1 Bxh3 14. gxh3 Qxh3 15. f3 Re6 16. Rf2 Nh5 17. Qf1 Qh4 18. Rh2 Rg6+ 19. Kh1 Qg5 20. Rd1 e4 21. Rh3 e3 22. Nb1 Bg3 23. Qg2 Nf4 24. Nxf4 Qxf4 25. Qe2 Bf2 26. Bxd5 Qg5 27. Rh2 Qg1+ 0-1

[Event "Eger Tel op"]
[Site "Eger"]
[Date "2009.01.31"]
[Round "4"]
[White "Hever, Janos"]
[Black "Istvanovszky, Kalman"]
[Result "0-1"]
[WhiteElo "1841"]
[BlackElo "2239"]
[PlyCount "54"]
[EventDate "2009.01.29"]
[EventType "swiss"]
[EventRounds "7"]
[EventCountry "HUN"]
[SourceTitle "EXT 2011"]
[Source "ChessBase"]
[SourceDate "2010.11.26"]
[SourceVersion "1"]
[SourceVersionDate "2010.11.26"]
[SourceQuality "1"]

1. d4 c5 2. c3 Nf6 3. Bf4 Qb6 4. Qb3 cxd4 5. Qxb6 axb6 6. cxd4 Nc6 7. Nc3 Nxd4 8. Rc1 g6 9. e3 Ne6 10. Be5 Bg7 11. Bc4 0-0 12. Nf3 d6 13. Bxf6 Bxf6 14. 0-0 b5 15. Bxb5 Bxc3 16. Rxc3 Rxa2 17. Rfc1 Rxb2 18. Rxc8 Rxb5 19. Rxf8+ Kxf8 20. h3 Rb2 21. Ne1 Nc5 22. f3 f5 23. Kf1 e5 24. Rc2 Rb3 25. Ke2 Ke7 26. g3 Ke6 27. Rd2 d5 0-1

[Event "HUN-ch Seniors"]
[Site "Ajka"]
[Date "2008.06.26"]
[Round "5"]
[White "Engel, Tibor"]
[Black "Hever, Janos"]
[Result "1/2-1/2"]
[WhiteElo "1901"]
[BlackElo "1823"]
[PlyCount "74"]
[EventDate "2008.06.23"]
[EventType "swiss"]
[EventRounds "9"]
[EventCountry "HUN"]
[SourceTitle "EXT 2011"]
[Source "ChessBase"]
[SourceDate "2010.11.26"]
[SourceVersion "1"]
[SourceVersionDate "2010.11.26"]
[SourceQuality "1"]

1. d4 Nf6 2. c4 e5 3. dxe5 Ng4 4. b3 Bb4+ 5. Nd2 Bc3 6. Rb1 Bxe5 7. Ngf3 Bf6 8. h3 Ne5 9. g3 Qe7 10. Bg2 Nd3+ 11. Kf1 Nxc1 12. Rxc1 0-0 13. Qc2 Re8 14. e4 Nc6 15. Re1 d6 16. h4 h6 17. Bh3 Bxh3+ 18. Rxh3 Qd7 19. Kg2 Qg4 20. Nh2 Qd7 21. Nhf3 Re6 22. g4 Be5 23. g5 h5 24. Nxe5 Nxe5 25. f4 Nc6 26. f5 Ree8 27. Qc3 Ne5 28. Qd4 Qc6 29. Rc3 b6 30. Qd5 Qd7 31. Nf3 Nxf3 32. Kxf3 Rad8 33. g6 Re5 34. Qxf7+ Qxf7 35. gxf7+ Kxf7 36. Rg1 Rde8 37. Re1 Rxf5+ 1/2-1/2

[Event "HUN-ch Seniors"]
[Site "Ajka"]
[Date "2008.06.23"]
[Round "1"]
[White "Czibulka, Zoltan"]
[Black "Hever, Janos"]
[Result "1-0"]
[WhiteElo "2099"]
[BlackElo "1823"]
[PlyCount "72"]
[EventDate "2008.06.23"]
[EventType "swiss"]
[EventRounds "9"]
[EventCountry "HUN"]
[SourceTitle "EXT 2011"]
[Source "ChessBase"]
[SourceDate "2010.11.26"]
[SourceVersion "1"]
[SourceVersionDate "2010.11.26"]
[SourceQuality "1"]

1. Nf3 Nf6 2. c4 c5 3. Nc3 Nc6 4. g3 g6 5. Bg2 Bg7 6. 0-0 e5 7. a3 d6 8. d3 0-0 9. e3 Rb8 10. Rb1 Bg4 11. h3 Be6 12. Ng5 Bf5 13. b4 h6 14. Nge4 Bxe4 15. Nxe4 Nxe4 16. Bxe4 Qd7 17. Kh2 Rfd8 18. bxc5 dxc5 19. Bd5 Ne7 20. e4 Nxd5 21. cxd5 Qc7 22. Qc2 Rdc8 23. Qc4 Bf8 24. f4 Bd6 25. Kg2 Kg7 26. fxe5 Bxe5 27. Bf4 Bxf4 28. Rxf4 b6 29. d6 Qd7 30. Rbf1 Rf8 31. Rf6 Rb7 32. Qd5 a6 33. e5 Rc8 34. e6 fxe6 35. Qe4 Qf7 36. Rxf7+ Rxf7 1-0

[Event "Eger Tel op"]
[Site "Eger"]
[Date "2008.01.26"]
[Round "4"]
[White "Nagy, Barbara"]
[Black "Hever, Janos"]
[Result "1-0"]
[WhiteElo "1605"]
[BlackElo "1843"]
[PlyCount "71"]
[EventDate "2008.01.24"]
[EventType "swiss"]
[EventRounds "7"]
[EventCountry "HUN"]
[SourceTitle "EXT 2011"]
[Source "ChessBase"]
[SourceDate "2010.11.26"]
[SourceVersion "1"]
[SourceVersionDate "2010.11.26"]
[SourceQuality "1"]

1. e4 e6 2. d4 d5 3. e5 c5 4. c3 Qb6 5. Nf3 Nc6 6. Be2 Nge7 7. 0-0 cxd4 8. cxd4 Nf5 9. Qd3 Nfxd4 10. Nxd4 Nxd4 11. Be3 Bc5 12. Rd1 Nxe2+ 13. Qxe2 Bxe3 14. fxe3 0-0 15. Nc3 Bd7 16. Rf1 Rac8 17. Rf3 Qc7 18. Raf1 Qxe5 19. Rh3 a6 20. Rff3 Qd6 21. Rfg3 e5 22. Rh4 Bf5 23. Qf3 Bg6 24. Rhg4 e4 25. Qf2 b5 26. h4 h5 27. Rg5 Rc5 28. Qd2 Rd8 29. Qd4 Kh7 30. Rxh5+ Kg8 31. Rhg5 Rc4 32. Qd1 d4 33. Nxe4 Bxe4 34. Rxg7+ Kf8 35. Qh5 Rcc8 36. Qxf7# 1-0

[Event "Eger Agria op"]
[Site "Eger"]
[Date "2005.07.29"]
[Round "6"]
[White "Scherrer, Heinrich"]
[Black "Hever, Janos"]
[Result "1-0"]
[WhiteElo "2121"]
[BlackElo "1912"]
[PlyCount "31"]
[EventDate "2005.07.18"]
[EventType "swiss"]
[EventRounds "9"]
[EventCountry "HUN"]
[SourceTitle "EXT 2008"]
[Source "ChessBase"]
[SourceDate "2007.11.25"]
[SourceVersion "1"]
[SourceVersionDate "2007.11.25"]
[SourceQuality "1"]

1. e4 Nc6 2. d4 d5 3. e5 Bf5 4. f4 e6 5. Nf3 Qd7 6. c3 Be4 7. Nbd2 Bf5 8. Be2 Be7 9. Nf1 h6 10. Ng3 Bh7 11. Bd3 f5 12. exf6 Nxf6 13. Ne5 Qd6 14. 0-0 Rf8 15. Bxh7 Nxh7 16. Qh5+ 1-0

[Event "Eger Agria op"]
[Site "Eger"]
[Date "2005.07.27"]
[Round "4"]
[White "Muller, Wilhelm"]
[Black "Hever, Janos"]
[Result "1-0"]
[WhiteElo "2081"]
[BlackElo "1912"]
[PlyCount "37"]
[EventDate "2005.07.18"]
[EventType "swiss"]
[EventRounds "9"]
[EventCountry "HUN"]
[SourceTitle "EXT 2008"]
[Source "ChessBase"]
[SourceDate "2007.11.25"]
[SourceVersion "1"]
[SourceVersionDate "2007.11.25"]
[SourceQuality "1"]

1. c4 e5 2. Nc3 c5 3. g3 Nc6 4. Bg2 g6 5. d3 Bg7 6. Nf3 Nge7 7. 0-0 0-0 8. Ne1 d6 9. a3 Bf5 10. Rb1 Qc8 11. b4 Rb8 12. b5 Nd8 13. Bg5 f6 14. Bd2 Bh3 15. f4 Bxg2 16. Nxg2 Bh6 17. Ne3 Nf7 18. f5 g5 19. g4 1-0

[Event "Eger Agria op"]
[Site "Eger"]
[Date "2005.07.26"]
[Round "3"]
[White "Horvath, Sandor"]
[Black "Hever, Janos"]
[Result "1/2-1/2"]
[WhiteElo "2027"]
[BlackElo "1912"]
[PlyCount "66"]
[EventDate "2005.07.18"]
[EventType "swiss"]
[EventRounds "9"]
[EventCountry "HUN"]
[SourceTitle "EXT 2008"]
[Source "ChessBase"]
[SourceDate "2007.11.25"]
[SourceVersion "1"]
[SourceVersionDate "2007.11.25"]
[SourceQuality "1"]

1. Nf3 d5 2. g3 Bf5 3. c4 Nf6 4. Qb3 Bc8 5. Bg2 Nc6 6. d3 Rb8 7. Bg5 e6 8. Nc3 d4 9. Ne4 Be7 10. Nxf6+ Bxf6 11. Bxf6 Qxf6 12. h4 0-0 13. Ng5 Ne5 14. Be4 g6 15. Bg2 Bd7 16. Qa3 a6 17. Qc5 Nc6 18. Ne4 Qg7 19. h5 b6 20. Qa3 Qe5 21. f4 Qh8 22. b4 Ne7 23. b5 Nf5 24. Qb2 Ne3 25. Bf3 a5 26. Rc1 c5 27. hxg6 fxg6 28. Ng5 h6 29. Qd2 Qg7 30. Ne4 Kf7 31. Nf2 Ke7 32. Ng4 Nf5 33. Rg1 Kd6 1/2-1/2